| 000 | 00688nam a2200217 a 4500 | ||
|---|---|---|---|
| 001 | 000042162 | ||
| 005 | 20240530073922.0 | ||
| 008 | 131118s2013 dr 000 f spa d | ||
| 020 | _a9789945165821 | ||
| 040 |
_aDO-SdBNP _bspa _cBNPHU |
||
| 082 |
_aRD863.44 _bM539t |
||
| 100 | 1 |
_aMendoza, Valentín _969167 |
|
| 245 | 1 | 0 |
_aTrilogía / _cValentín Mendoza. |
| 260 |
_aSanto Domingo : _bDragón _bBúho, _c2013. |
||
| 300 |
_a236 p. ; _c23 cm. |
||
| 500 | _aIncluye datos biografícos del autor en la solapa de la cubierta | ||
| 590 | _aInventariado, 2020/MAA | ||
| 650 | 0 |
_aNovela dominicana _9223 |
|
| 650 | 0 |
_aLiteratura dominicana. _967 |
|
| 910 | _aValidado. Control de calidad MFF | ||
| 999 |
_c41651 _d41651 |
||